Baby Blues (Registo nº 1118)
[ vista simples ]
| 000 -Etiqueta do registo | |
|---|---|
| Cabeçalho | 01372nam0a2200361 i 4500 |
| 005 - Identificador da versão | |
| Campo de controlo | 20240813121825.0 |
| 021 ## - Número do Depósito Legal | |
| Código do país | PT |
| 071 0# - Número do editor (registos sonoros e música) | |
| Número do editor | 10125/06 |
| 100 ## - Dados gerais de processamento | |
| Dados gerais de processamento | 20100512d2006 a y0pory5003 ba |
| 102 ## - Pais de publicação ou produção | |
| País de publicação | Portugal |
| 101 1# - Língua de publicação | |
| Língua do texto, banda sonora, etc. | Português |
| Língua do documento no original | Inglês |
| 115 ## - Campo de dados codificados: Projecções Visuais, Filmes e Vídeos | |
| Dados modificados - geral | b025bbz zzzz z c |
| 106 ## - Campo de dados codificados: material textual | |
| Dados codificados do material textual | r |
| 105 ## - Campo de dados codificados: livros | |
| Dados codificados dos livros | y z 001yy |
| 215 ## - Descrição física | |
| Indicação específica da natureza do documento e extensão da espécie | 1 DVD (PAL 2) (25 min.) |
| Outras indicações físicas | col. son. |
| Dimensões | |
| Material acompanhante | Guia de exploração pedagógica |
| 200 1# - Titulo e menção de responsabilidade | |
| Título próprio | Baby Blues |
| Indicação geral da natureza do documento | Registo Vídeo |
| Primeira menção de responsabilidade | real. Annie O'Donoghue |
| 225 2# - Colecção | |
| Título próprio da colecção | Filmes Educativos |
| 210 ## - Publicação, Distribuição, etc. | |
| Lugar da edição, distribuição, etc. | PT |
| Nome do editor, distribuidor, etc. | Flaminia |
| Data da publicação, distribuição, etc. | 2006 |
| 323 ## - Nota ao elenco (material de projecção e video de registos sonoros) | |
| Texto da nota | Elenco: Robyn Stevan, Spencer Rochfort, Lassen Chambers, Jacques Lalonde, Paula Rempel, Lorena Gal |
| 322 ## - Nota aos responsáveis artísticos e técnicos (material de projecção e video e registos sonoros) | |
| Texto da nota | Créditos: Produção, Office National du Film du Canada; Música, Brian Tate; Revisão Científica, Cunha Pereira; Tradução, Claudina Alves; Argumento, N.J. Isaak |
| 305 ## - Notas relativas à edição e história bibliográfica da publicação | |
| Texto da nota | Data lançamento: 2006 |
| 333 ## - Nota relativa aos potenciais utilizadores | |
| Texto da nota | classificação: M12 |
| 330 ## - Sumário ou Resumo | |
| Texto da nota | Como os jovens se podem ver confrontados com as consequências de uma gravidez indesejada. |
| 327 1# - Nota de conteúdo | |
| Texto da nota | Conteúdo: Idiomas: Português, Inglês; Guião de exploração pedagógica; Capítulos; Galeria de imagens. |
| 304 ## - Notas relativas a título e menção de responsabilidade | |
| Texto da nota | Tít. orig.: |
| 606 ## - Nome comum usado como assunto | |
| Número de registo de entrada de autoridade | 0001157 |
| Palavra de ordem | Filme |
| Subdivisão de assunto | Melodrama |
| 675 ## - Classificação Decimal Universal (CDU) | |
| Notação | 791.221.4 |
| Edição | BN |
| Língua da edição | por |
| 942 ## - Elementos de entrada adicionados (Koha) | |
| Tipo de item no Koha | Livro |
| Situação do levantamento | Origin of item (home branch) (coded) | Biblioteca de empréstimo | Código de barras | Cota | Circulation type (not for loan) | Tipo de documento | Nota do exemplar | Damaged status |
|---|---|---|---|---|---|---|---|---|
| Biblioteca Escolar Eng. Nuno Mergulhão | Biblioteca Escolar Eng. Nuno Mergulhão | BENM2025 | 2024 DVD | DVD | Sem mensagem |
